000 00795nam a2200253 a 4500
001
003 DO-SdBNP
005 20211011105901.0
008 131014s2013 dr 000 j spa d
020 _a9789945583267
040 _aDO-SdBNP
_bspa
_cBPMSU
082 _aRD863.5
_bP795c 2013
_222
100 1 _aPonciano, Doris
_d1959-
245 1 3 _aEl círculo de las relaciones :
_bhistorias reales /
_cDoris Ponciano ; prólogo Ramón Saba
260 _aSanto Domingo :
_bSantuario,
_c2013.
300 _a133 p. ;
_c23 cm.
500 _aIncluye datos biográficos de la autora en la solapa de la cubierta
590 _aInventariado, 2021/VM
650 4 _aCuentos dominicanos
650 4 _aLiteratura dominicana.
700 1 _aSaba, Ramón
_epról.
910 _a VMateo V.
942 _2ddc
_cBK
999 _c13783
_d13783